Mother's Day / (Record no. 211845)
[ view plain ]
| 000 -LEADER | |
|---|---|
| fixed length control field | 03468cgm a2200745Ii 4500 |
| 001 - CONTROL NUMBER | |
| control field | ocn951921635 |
| 003 - CONTROL NUMBER IDENTIFIER | |
| control field | OCoLC |
| 005 - DATE AND TIME OF LATEST TRANSACTION | |
| control field | 20160803085618.0 |
| 007 - PHYSICAL DESCRIPTION FIXED FIELD--GENERAL INFORMATION | |
| fixed length control field | vd cvaizq |
| 008 - FIXED-LENGTH DATA ELEMENTS--GENERAL INFORMATION | |
| fixed length control field | 160620s2016 xxu119 vleng d |
| 040 ## - CATALOGING SOURCE | |
| Original cataloging agency | TEFMT |
| Language of cataloging | eng |
| Description conventions | rda |
| Transcribing agency | TEFMT |
| Modifying agency | OCLCO |
| -- | TEF |
| -- | OCLCO |
| -- | OCLCF |
| -- | OCLCO |
| -- | BDX |
| -- | IK2 |
| -- | GK8 |
| -- | OQX |
| -- | OCLCO |
| -- | VPI |
| -- | OCLCO |
| -- | UINTA |
| 024 1# - OTHER STANDARD IDENTIFIER | |
| Standard number or code | 025192350917 |
| 028 42 - PUBLISHER NUMBER | |
| Publisher number | 55178069 |
| Source | Universal |
| 035 ## - SYSTEM CONTROL NUMBER | |
| System control number | (OCoLC)951921635 |
| 037 ## - SOURCE OF ACQUISITION | |
| Source of stock number/acquisition | Midwest Tape |
| Note | http://www.midwesttapes.com |
| 041 1# - LANGUAGE CODE | |
| Language code of text/sound track or separate title | eng |
| -- | eng |
| -- | fre |
| -- | spa |
| Language code of original and/or intermediate translations of text | eng |
| 050 #4 - LIBRARY OF CONGRESS CALL NUMBER | |
| Classification number | PN1997.2 |
| Item number | .M68 2016 |
| 082 04 - DEWEY DECIMAL CLASSIFICATION NUMBER | |
| Classification number | 791.43/72 |
| Edition number | 23 |
| 049 ## - LOCAL HOLDINGS (OCLC) | |
| Holding library | UCLB |
| 130 0# - MAIN ENTRY--UNIFORM TITLE | |
| Uniform title | Mother's Day (Motion picture : 2016) |
| 245 10 - TITLE STATEMENT | |
| Title | Mother's Day / |
| Statement of responsibility, etc | a Wayne Rice/Gulfstream Pictures production in association with Aperture Media Partners [and three others] ; a film by Garry Marshall ; produced by Mike Karz [and five others] ; story by Lily Hollander [and three others] ; screenplay by Anya Kochoff Romano and Matt Walker & Tom Hines ; directed by Garry Marshall. |
| 264 #1 - Production, Publication, Distribution, Manufacture, and Copyright Notice. | |
| Place of production, publication, distribution, manufacture | [United States] : |
| Name of producer, publisher, distributor, manufacturer | Open Road Films, |
| Date of production, publication, distribution, manufacture, or copyr | [2016] |
| 264 #2 - Production, Publication, Distribution, Manufacture, and Copyright Notice. | |
| Place of production, publication, distribution, manufacture | Universal City, CA : |
| Name of producer, publisher, distributor, manufacturer | Universal Pictures Home Entertainment |
| 300 ## - PHYSICAL DESCRIPTION | |
| Extent | 1 videodisc (1 hr., 59 min.) : |
| Other physical details | sound, color ; |
| Dimensions | 4 3/4 in. |
| 336 ## - Content Type | |
| Content type term | two-dimensional moving image |
| 337 ## - Media type | |
| Media type term | video |
| 338 ## - Carrier type | |
| Carrier type term | videodisc |
| 344 ## - | |
| -- | digital |
| -- | optical |
| -- | surround |
| -- | Dolby Digital 5.1 |
| -- | rda |
| 346 ## - | |
| -- | DVD |
| -- | NTSC |
| -- | rda |
| 347 ## - | |
| -- | video file |
| -- | DVD video |
| -- | region 1 |
| -- | rda |
| 380 ## - | |
| -- | Motion picture. |
| 538 ## - SYSTEM DETAILS NOTE | |
| System details note | DVD, NTSC, region 1, dual layer, (1.85:1) anamorphic widescreen; Dolby Digital 5.1. |
| 546 ## - LANGUAGE NOTE | |
| Language note | English dialogue; French or Spanish subtitles; English subtitled for the deaf and hard of hearing. |
| 500 ## - GENERAL NOTE | |
| General note | Title from container. |
| 511 1# - PARTICIPANT OR PERFORMER NOTE | |
| Participant or performer note | Jennifer Aniston, Kate Hudson, Julia Roberts, Jason Sudeikis. |
| 508 ## - CREATION/PRODUCTION CREDITS NOTE | |
| Creation/production credits note | Director of photography, Charles Minsky ; editors, Bruce Green, Robert Malina ; music, John Debney. |
| 500 ## - GENERAL NOTE | |
| General note | Anamorphic widescreen (1.85:1). |
| 521 8# - TARGET AUDIENCE NOTE | |
| Target audience note | Rating: PG-13; for language and some suggestive material. |
| 520 ## - SUMMARY, ETC. | |
| Summary, etc | This celebration of mothers everywhere invites all to enjoy the laughter, tears and love as three generations come together in the week leading up to Mother's Day. |
| 500 ## - GENERAL NOTE | |
| General note | Bonus features: Deleted scenes; Gag reel. |
| 650 #0 - SUBJECT ADDED ENTRY--TOPICAL TERM | |
| Topical term or geographic name as entry element | Mothers |
| Form subdivision | Drama. |
| 650 #0 - SUBJECT ADDED ENTRY--TOPICAL TERM | |
| Topical term or geographic name as entry element | Husband and wife |
| Form subdivision | Drama. |
| 650 #0 - SUBJECT ADDED ENTRY--TOPICAL TERM | |
| Topical term or geographic name as entry element | Families |
| Form subdivision | Drama. |
| 650 #0 - SUBJECT ADDED ENTRY--TOPICAL TERM | |
| Topical term or geographic name as entry element | Man-woman relationships |
| Form subdivision | Drama. |
| 655 #7 - INDEX TERM--GENRE/FORM | |
| Genre/form data or focus term | Feature films. |
| Source of term | lcgft |
| 655 #7 - INDEX TERM--GENRE/FORM | |
| Genre/form data or focus term | Comedy films. |
| Source of term | lcgft |
| 655 #7 - INDEX TERM--GENRE/FORM | |
| Genre/form data or focus term | Video recordings for the hearing impaired. |
| Source of term | lcgft |
| 700 1# - ADDED ENTRY--PERSONAL NAME | |
| Personal name | Marshall, Garry, |
| Relator term | film director. |
| 700 1# - ADDED ENTRY--PERSONAL NAME | |
| Personal name | Hollander, Lily, |
| Relator term | screenwriter. |
| 700 1# - ADDED ENTRY--PERSONAL NAME | |
| Personal name | Kochoff, Anya, |
| Relator term | screenwriter. |
| 700 1# - ADDED ENTRY--PERSONAL NAME | |
| Personal name | Walker, Matt, |
| Dates associated with a name | 1968- |
| Relator term | screenwriter. |
| 700 1# - ADDED ENTRY--PERSONAL NAME | |
| Personal name | Hines, Tom, |
| Dates associated with a name | 1969- |
| Relator term | screenwriter. |
| 700 1# - ADDED ENTRY--PERSONAL NAME | |
| Personal name | Karz, Mike, |
| Relator term | film producer. |
| 700 1# - ADDED ENTRY--PERSONAL NAME | |
| Personal name | Rice, Wayne Allan, |
| Relator term | film producer. |
| 700 1# - ADDED ENTRY--PERSONAL NAME | |
| Personal name | Aniston, Jennifer, |
| Relator term | actor. |
| 700 1# - ADDED ENTRY--PERSONAL NAME | |
| Personal name | Hudson, Kate, |
| Dates associated with a name | 1979- |
| Relator term | actor. |
| 700 1# - ADDED ENTRY--PERSONAL NAME | |
| Personal name | Roberts, Julia, |
| Dates associated with a name | 1967- |
| Relator term | actor. |
| 700 1# - ADDED ENTRY--PERSONAL NAME | |
| Personal name | Sudeikis, Jason, |
| Relator term | actor. |
| 710 2# - ADDED ENTRY--CORPORATE NAME | |
| Corporate name or jurisdiction name as entry element | Gulfstream Pictures, |
| Relator term | production company. |
| 710 2# - ADDED ENTRY--CORPORATE NAME | |
| Corporate name or jurisdiction name as entry element | Aperture Media Partners, |
| Relator term | production company. |
| 710 2# - ADDED ENTRY--CORPORATE NAME | |
| Corporate name or jurisdiction name as entry element | Open Road Films, |
| Relator term | publisher. |
| 710 2# - ADDED ENTRY--CORPORATE NAME | |
| Corporate name or jurisdiction name as entry element | Universal Pictures Home Entertainment (Firm), |
| Relator term | film distributor. |
| 938 ## - | |
| -- | Brodart |
| -- | BROD |
| -- | 116866608 |
| 994 ## - | |
| -- | C0 |
| -- | UINTA |
| Withdrawn status | Lost status | Source of classification or shelving scheme | Damaged status | Not for loan | Collection code | Home library | Current library | Shelving location | Date acquired | Source of acquisition | Cost, normal purchase price | Total Checkouts | Total Renewals | Full call number | Barcode | Date last seen | Date checked out | Cost, replacement price | Price effective from | Koha item type |
|---|---|---|---|---|---|---|---|---|---|---|---|---|---|---|---|---|---|---|---|---|
| Dewey Decimal Classification | Movies | Wasatch County Library | Wasatch County Library | Audio Visual Area | 12/19/2016 | Amazon | 15.95 | 24 | 3 | DVD Mot | 34301001374364 | 03/07/2024 | 08/15/2022 | 15.95 | 03/20/2020 | DVD |
